000 01692nam0a2200361 4500
001 RU\NLR\bibl\1455776
005 20260408194701.0
010 _a978-5-901459-95-9
_bв пер.
_91500
021 _aRU
_b2009-89821
_95660
035 _a(NLR Aleph) 001447578
035 _a(nilc)RSL-KNO-004408300
090 _a1502443
_c1502443
100 _a20091105d2008 u y0rusy50 ca
101 0 _arus
102 _aRU
105 _aa zzzz|||||
200 1 _aРодники Саратовской области
_e[каталог]
_fКом. охраны окружающей среды и природопользования Саратовской обл.
_g[сост. А. А. Орлов, Т. М. Хохлова
_gредкол.: ... А.А. Орлов (науч. ред.) и др.]
210 _aСаратов
_cСателлит
_d2008
215 _a225 с.
_cил., карт., портр.
_d29
320 _aБиблиогр.: с. 216 (13 назв.)
606 _aИсточники (гидрогеол.)
_yСаратовская область
_jСправочники
_3RU\NLR\auth\661371512
_92289981
686 _aД9(2Р354-4Са)47,0
_2rubbk
686 _aД475,0
_2rubbk
686 _aД462.6-09(2Р354-4Са)я2
702 1 _aОрлов
_bА. А.
_gАлександр Александрович
_4220
712 0 1 _4570
_aСаратовская область
_bКомитет охраны окружающей среды и природопользования
_3RU\NLR\AUTH\8810142450
_9779603
801 0 _aRU
_bРКП
_c20091105
_grcr
801 1 _aRU
_bРГБ
_c20091105
801 2 _aRU
_bNLR
_c20091221
_grcr
830 _aсост. по кн.
942 _cBOOK
980 _aNB